<?xml version="1.0" encoding="UTF-8"?>
<collection xmlns="http://www.loc.gov/MARC21/slim">
  <record>
    <leader>00000nam  2200000   4500</leader>
    <controlfield tag="001">INLIS000000000059827</controlfield>
    <controlfield tag="005">20211207101107</controlfield>
    <datafield tag="035" ind1="#" ind2="#">
      <subfield code="a">0010-1221000054</subfield>
    </datafield>
    <controlfield tag="007">ta</controlfield>
    <controlfield tag="008">211207###########################0#ind##</controlfield>
    <datafield tag="020" ind1="#" ind2="#">
      <subfield code="a">978-979-1402-94-1</subfield>
    </datafield>
    <datafield tag="082" ind1="#" ind2="#">
      <subfield code="a">343.03</subfield>
    </datafield>
    <datafield tag="084" ind1="#" ind2="#">
      <subfield code="a">343.03 Per p</subfield>
    </datafield>
    <datafield tag="245" ind1="#" ind2="#">
      <subfield code="a">Peraturan Menkeu No. 119/ PMK/.02/ 2009 Ttg. Petunjuk Penyusunan dan Penelaahan Rencana Kerja dan Anggaran Kementerian Negara/ Lembaga  Th 2010</subfield>
    </datafield>
    <datafield tag="300" ind1="#" ind2="#">
      <subfield code="a">363 halaman :</subfield>
      <subfield code="b">ilustrasi ;</subfield>
      <subfield code="c">20 cm</subfield>
    </datafield>
    <datafield tag="650" ind1="#" ind2="4">
      <subfield code="a">Perundang2an Keuangan Negara</subfield>
    </datafield>
    <datafield tag="264" ind1="#" ind2="#">
      <subfield code="a">Jakarta :</subfield>
      <subfield code="b">Eka jaya,</subfield>
      <subfield code="c">2009</subfield>
    </datafield>
    <datafield tag="336" ind1="#" ind2="#">
      <subfield code="a">teks</subfield>
      <subfield code="2">rdacontent</subfield>
    </datafield>
    <datafield tag="337" ind1="#" ind2="#">
      <subfield code="a">lain-lain</subfield>
      <subfield code="2">rdamedia</subfield>
    </datafield>
    <datafield tag="338" ind1="#" ind2="#">
      <subfield code="a">lain-lain</subfield>
      <subfield code="2">rdacarrier</subfield>
    </datafield>
    <datafield tag="990" ind1="#" ind2="#">
      <subfield code="a">34233423</subfield>
    </datafield>
  </record>
</collection>
